Sports Quiz

Random Sports or Football Quiz

Baltimore Orioles Starting Lineup Quiz Stats

 Plays Quiz not verified by Sporcle

Challenge
Share
Tweet
Embed
Score 0/12 Timer 03:00
0 Plays Today
Position Player % Correct
CF Adam Jones
91.8%
CMatt Wieters
91.2%
RFNick Markakis
89%
2BBrian Roberts
87.9%
3BMiguel Tejada
72.9%
DHLuke Scott
72.9%
SPKevin Millwood
70.3%
SSCesar Izturis
66.4%
LFNolan Reimold
66.4%
1BGarrett Atkins
60.5%
CPMike Gonzalez
59.3%
RPJim Johnson
52%

You're not logged in!

Compare scores with friends on all Sporcle quizzes.
OR
Log In

You Might Also Like...

Show Comments

Extras

Top Quizzes Today


Score Distribution

Your Account Isn't Verified!

In order to create a playlist on Sporcle, you need to verify the email address you used during registration. Go to your Sporcle Settings to finish the process.

Report this User

Report this user for behavior that violates our Community Guidelines.

Details: